The Role of Media in Promoting Regional Understanding in South Asia/ (Record no. 199410)
[ view plain ]
| 000 -LEADER | |
|---|---|
| fixed length control field | 00662nam a22001937a 4500 |
| 005 - DATE AND TIME OF LATEST TRANSACTION | |
| control field | 20231204110416.0 |
| 010 ## - LCCN (DPL NO) | |
| LC control number | ENG-138547 |
| 020 ## - INTERNATIONAL STANDARD BOOK NUMBER | |
| International Standard Book Number | 9788182748682 |
| Terms of availability | 995.00 |
| 035 ## - SYSTEM CONTROL NUMBER | |
| System control number | EN-122079 |
| 037 ## - SOURCE OF ACQUISITION | |
| Source of stock number/acquisition | DBAD/PUB |
| 082 ## - DEWEY DECIMAL CLASSIFICATION NUMBER | |
| Classification number | 327.170954 |
| 245 ## - TITLE STATEMENT | |
| Title | The Role of Media in Promoting Regional Understanding in South Asia/ |
| Statement of responsibility, etc | Edited by Priyanka Singh |
| 250 ## - EDITION STATEMENT | |
| Edition statement | 1 |
| 260 ## - PUBLICATION, DISTRIBUTION, ETC. (IMPRINT) | |
| Place of publication, distribution, etc | New Delhi |
| Name of publisher, distributor, etc | Pentagon Press |
| Date of publication, distribution, etc | 2016 |
| 270 ## - ADDRESS | |
| Address | 206, Peacock Lane, Shahpur Jat, |
| City | New Delhi |
| Postal code | 110049 |
| Telephone number | 011-64706243 |
| -- | 011-26491568 |
| Fax number | 01126490600 |
| 300 ## - PHYSICAL DESCRIPTION | |
| Extent | 256p. |
| Dimensions | 24cm(hbk) |
| 700 ## - ADDED ENTRY--PERSONAL NAME | |
| Personal name | Singh, Priyanka |
| 9 (RLIN) | 3888 |
| Relator term | Editor |
| 942 ## - ADDED ENTRY ELEMENTS (KOHA) | |
| Source of classification or shelving scheme | Dewey Decimal Classification |
| Item type | English Books |
| Call number suffix | ROL |
| Classification part | 327.170954 |
| Withdrawn status | Lost status | Not for loan | Collection code | Home library | Current library | Date acquired | Source of acquisition | Cost, normal purchase price | Full call number | Barcode | Copy number | Cost, replacement price | Koha item type |
|---|---|---|---|---|---|---|---|---|---|---|---|---|---|
| Non-fiction | Vinoba Puri | Vinoba Puri | 04/12/2023 | DBAD/PUB | 995.00 | 327.170954 ROL | EN-122079 | 1 | 995.00 | English Books |
